000 00649nam a22002057a 4500
003 OSt
005 20250627020748.0
008 250627b |||||||| |||| 00| 0 eng d
020 _a978-1-68251-427-6
040 _aDWCL - Main lib
_cOC
082 _aCirc. 640.1 H832 2018
245 _aHotel operations reports, calculations, and book keeping/
250 _a2nd edition
260 _aNY:
_b3g E learning,
_cc2018.
300 _axiii,326 pages:
_b illustrations;
_c 24cm.--. -- + 1 CD-Rom ( 4 3/4 in.)
504 _aIncludes index
650 _a1. Hotel management
650 _a2. House keeping
942 _2ddc
_cBK-CIRC
_e2nd edition
_kCirc.
_n0
999 _c3292
_d3292